=LDR 00000nam 2200000 4500 =001 NUTBA000000000003311 =005 20200219071357 =035 ##$$a 0010-081400000000156 =008 200219################g##########0#ind## =020 ##$$a 978-979-29-3861-6 =040 ##$$a NBPDMAT =082 ##$$a 001.42 =090 ##$$a 001.42 $b Way m =100 ##$$a I Wayan Pantiyasa =245 1#$$a Metodologi penelitian /$c I Wayan Pantiyasa =250 ##$$a Cet.1 =260 ##$$a Dempasar :$b Andi,$c 2013 =300 ##$$a viii, 110 hlm. : $b ilus. ; $c 21 x 14 cm. =500 ##$$a Bibliografi : hlm. 109 - 110 =650 #4$$a Metode Penelitian =850 ##$$a NBPDMAT =084 ##$$a 001.42 Wan m =990 ##$$a 21404622 =990 ##$$a 21404623 =990 ##$$a 21404624 =990 ##$$a 21404625 =990 ##$$a 21404626 =990 ##$$a 21412942 =990 ##$$a 21412943 =990 ##$$a 21412944 =990 ##$$a 21412945 =990 ##$$a 21412946 =990 ##$$a 21601682/BPAP-NTB/2017 =990 ##$$a 21412942 =990 ##$$a 21404622 =990 ##$$a 21404623 =990 ##$$a 21404624 =990 ##$$a 21404625 =990 ##$$a 21404626 =990 ##$$a 21412943 =990 ##$$a 21412944 =990 ##$$a 21412945 =990 ##$$a 21412946 =990 ##$$a 21601682/BPAP-NTB/2017 =990 ##$$a 21412944 =990 ##$$a 21412944 =990 ##$$a 21404622 =990 ##$$a 21404622 =990 ##$$a 21404623 =990 ##$$a 21404623 =990 ##$$a 21404624 =990 ##$$a 21404624 =990 ##$$a 21404625 =990 ##$$a 21404625 =990 ##$$a 21404626 =990 ##$$a 21404626 =990 ##$$a 21412942 =990 ##$$a 21412942 =990 ##$$a 21412943 =990 ##$$a 21412943 =990 ##$$a 21412945 =990 ##$$a 21412945 =990 ##$$a 21412946 =990 ##$$a 21412946 =990 ##$$a 21601682/BPAP-NTB/2017 =990 ##$$a 21601682/BPAP-NTB/2017 =990 ##$$a 21404622 =990 ##$$a 21404623 =990 ##$$a 21404624 =990 ##$$a 21404625 =990 ##$$a 21404626 =990 ##$$a 21412942 =990 ##$$a 21412943 =990 ##$$a 21412944 =990 ##$$a 21412945 =990 ##$$a 21412946 =990 ##$$a 21601682/BPAP-NTB/2017